| 000 | 01175cam a2200337 a 4500 | ||
|---|---|---|---|
| 001 | 12478561 | ||
| 003 | PILC | ||
| 005 | 20150112093439.0 | ||
| 008 | 010627s2001 si a b 001 0 eng | ||
| 010 | _a 2001356912 | ||
| 020 | _a9814119024 | ||
| 035 | _a(DLC) 200135691 | ||
| 037 |
_bLibrary of Congress -- Jakarta Overseas Office _cS[dollar]29.50 |
||
| 040 |
_aDLC _cDLC _dDLC |
||
| 042 | _alcode | ||
| 043 | _aa------ | ||
| 050 | 0 | 0 |
_aHB 615 _b.K16 2001 |
| 082 | 0 | 0 |
_aMnSF 658.421 _bK14 2001 |
| 100 | 1 |
_aKao, Raymond W. Y. _917703 |
|
| 245 | 1 | 0 |
_aEntrepreneurship and enterprise development in Asia / _cRaymond W.Y. Kao and Tan Wee Liang |
| 260 |
_aSingapore ; _aNew York : _bPrentice Hall, _c2001. |
||
| 300 |
_a380 pages : _billustration ; _c23 cm. |
||
| 504 | _aIncludes bibliographical references and index. | ||
| 650 | 0 |
_aEntrepreneurship _zAsia. _917704 |
|
| 650 | 0 |
_aNew business enterprises _zAsia. _917705 |
|
| 650 | 0 |
_aBusiness enterprises _zAsia. _917706 |
|
| 700 | 1 |
_aTan, Wee Liang. _917707 |
|
| 906 |
_a7 _bcbc _corigode _d3 _encip _f20 _gy-gencatlg |
||
| 942 |
_2lcc _cBK |
||
| 999 |
_c14690 _d14690 |
||